Super pendus - Fleurs - Statistiques

Statistiques générales
  • Ce quiz a été pris 2 245 fois
  • Le résultat moyen est 62 sur 74
Statistiques - réponses
Réponses % Correct
E
95%
E
95%
E
95%
E
95%
E
95%
E
95%
E
95%
E
95%
E
95%
E
95%
E
95%
E
95%
A
92%
A
92%
A
92%
A
92%
A
92%
A
92%
A
92%
A
92%
A
92%
A
92%
A
92%
I
90%
I
90%
I
90%
I
90%
I
90%
I
90%
I
90%
O
87%
O
87%
O
87%
O
87%
O
87%
L
86%
L
86%
L
86%
L
86%
L
86%
L
86%
L
86%
L
86%
L
86%
L
86%
U
84%
U
84%
U
84%
T
83%
T
83%
T
83%
T
83%
T
83%
N
76%
N
76%
N
76%
N
76%
V
70%
V
70%
C
69%
C
69%
C
69%
C
69%
C
69%
C
69%
D
69%
D
69%
R
68%
Q
66%
H
61%
H
61%
J
56%
G
50%
Z
44%
Aucun quiz correspondant
Distribution des résultats
% des personnes avec chaque résultat
Percentile par nombre de réponses
Votre historique - résultats
Vous n’avez pas pris ce quiz